000 00486nam a2200181Ia 4500
008 090123s9999 xx 000 0 und d
082 _b39502
100 _aकदम अनंत
245 _aत्रांगडे
250 _a1
260 _bअनघा प्रकाशन
_c2006
300 _a360
600 _aकदम अनंत
630 _aत्रांगडे
700 _aकदम अनंत
730 _aत्रांगडे
942 _cBOOK
999 _c77568
_d77568